Statystyki dla Największe miasta, które nie są stolicami

Kliknij tutaj aby rozwiązać quiz!

Ogólne statystyki

  • Ten quiz został rozwiązany 9 267 razy
    (3 125 od ostatniego zresetowania)
  • Średni wynik to 5 z 10

Statystyki odpowiedzi

LudnośćAglomeracja% Poprawnych
23,1 mlnNowy Jork
88%
17,7 mlnLos Angeles
67%
40,0 mlnSzanghaj
65%
23,0 mlnSao Paulo
46%
26,6 mlnMumbaj
42%
17,7 mlnOsaka
38%
67,8 mlnKanton
37%
17,4 mlnKolkata
33%
21,4 mlnLagos
29%
19,1 mlnKaraczi
19%

Rozkład punktacji

Percentyl według liczby udzielonych odpowiedzi

Procent ludzi z każdym wynikiem

Twoja historia wyników

Nie rozwiązałeś tego quizu od ostatniego zresetowania